WESTBROOK MVP SEASON - Statistics

General Stats
  • This quiz has been taken 5 times
  • The average score is 8 of 12
Answer Stats
stats answers % Correct
AST 10.4
80%
REB 10.7
80%
STL 1.6
80%
Year he won 2017
80%
TO 5.4
80%
GP 81
80%
Team he was on Thunder
80%
PPG 31.6
60%
triple doubles 42
60%
BLK 0.4
40%
FG% 42.5
20%
Best teammate in his mvp season Sabonis
20%
No matching quizzes found
Score Distribution
Percent of People with Each Score
Percentile by Number Answered
Your Score History
You have not taken this quiz